000 01087nam a2200241Ia 4500
003 Ost
005 20260507075411.0
008 260507s9999||||xx |||||||||||||| ||und||
020 _a×093410977
040 _cfsecg
041 _aara
082 _a330
100 _aمهدي، إبراهيم محمد
_eمؤلف
245 0 _aرياضيات الإستثمار :
_bدراسة متقدمة في مجال التمويل والإستثمار /
_c إبراهيم محمد مهدي
260 _aالقاهرة:
_bالمكتبة العصرية للنشر والتوزيع,
_c2009
300 _a798 صفحة؛
_bإيضاحات ؛
_c25 سم
504 _aالمراجع ص.797
520 _aيضم عدة فصول ويحتوي على بابين رئيسيين وهما الفوائد البسيطة في عمليات الإستثمار قصيرة الاجل والفوائد المركبة في عمليات الإستثمار طويلة الأجل
653 _aالإستثمار
653 _aالتمويل
653 _aالرياضيات التطبيقية
942 _cكتاب
999 _c44395
_d44395